| 000 | 00528nam a22001697a 4500 | ||
|---|---|---|---|
| 005 | 20260211060442.0 | ||
| 008 | 260211b |||||||| |||| 00| 0 eng d | ||
| 020 | _a978-621-418-237-4 | ||
| 082 | _aFil. 333.7 C652 2022 | ||
| 100 |
_aCobar, Leslie C. _9219 |
||
| 245 |
_aEnvironmental science / _cLeslie C. Cobar |
||
| 260 |
_aQuezon City: _bWiseman's Books Trading, _cc2022 |
||
| 300 |
_aiii, 110p.: _bill. |
||
| 504 | _aIncludes bibliographical references | ||
| 541 | _e7886 c.1, 7887 c.2 | ||
| 650 |
_aEnvironmental sciences _9220 |
||
| 999 |
_c2506 _d2506 |
||